Welcome to CU Library Online Public Access Catalogue (OPAC)

Textbook of Respiratory Medicine/ (Record no. 3696)

MARC details
000 -LEADER
fixed length control field 00633nam a22001937a 4500
005 - DATE AND TIME OF LATEST TRANSACTION
control field 20250208183954.0
008 - FIXED-LENGTH DATA ELEMENTS--GENERAL INFORMATION
fixed length control field 250208b |||||||| |||| 00| 0 eng d
020 ## - INTERNATIONAL STANDARD BOOK NUMBER
International Standard Book Number 9780721677125
050 ## - LIBRARY OF CONGRESS CALL NUMBER
Classification number RC731
Item number .T48
245 ## - TITLE STATEMENT
Title Textbook of Respiratory Medicine/
Statement of responsibility, etc. editors; John F. Murray & Jay A. Nadel, associate editors; Robert J. Mason & Homer A. Boushey
250 ## - EDITION STATEMENT
Edition statement 3rd ed.
260 ## - PUBLICATION, DISTRIBUTION, ETC.
Place of publication, distribution, etc. Philadelphia
Name of publisher, distributor, etc. W. B. Saunders Company
Date of publication, distribution, etc. 2000
300 ## - PHYSICAL DESCRIPTION
Extent xxvii. 1171.cxvp.
Other physical details ill.
Dimensions 28cm
700 ## - ADDED ENTRY--PERSONAL NAME
Personal name Murray, John F.
700 ## - ADDED ENTRY--PERSONAL NAME
Personal name Nadel, Jay A.
700 ## - ADDED ENTRY--PERSONAL NAME
Personal name Mason, Robert J.
700 ## - ADDED ENTRY--PERSONAL NAME
Personal name Boushey, Homer A.
942 ## - ADDED ENTRY ELEMENTS (KOHA)
Source of classification or shelving scheme Library of Congress Classification
Koha item type Books
Edition 3rd ed.
Suppress in OPAC No
999 ## -
-- 3696
-- 3696
Holdings
Withdrawn status Lost status Source of classification or shelving scheme Damaged status Not for loan Collection Home library Current library Shelving location Date acquired Total checkouts Full call number Barcode Date last seen Copy number Price effective from Koha item type
    Library of Congress Classification     Non-fiction Science Library (Miotso) Science Library (Miotso) General stacks 02/08/2025   RC731 .T48 TEX SLM00003263 02/08/2025 1 02/08/2025 Books
© 2023-2024 Copyright: Central University Libraries. All Rights Reserved | Created by: Mahone Tech Office